000 00237nam a2200097Ia 4500
001 703901
005 20250826162400.0
008 250824s9999 xx 000 0 und d
245 0 _aPARMAK UÇLARI
_cSERAN DEMİRAL
260 _bTUDEM YAYINLARI
999 _c703901
_d703901